00673naa#a2200181#i#4500001002200000005001700022011001400039100004100053101000800094102000700102200007600109210005100185215001000236608002700246675015200273700005200425856001400477EN\INFRA-M\bibl\2790320260511082534.1##a2500-3291##a20190225b2019####ek#y0engy0150####ca0#aRUS##aRU1#aInnovative marketing as a tool of competitive businesseJournal article1#aMoscowcINFRA-M Academic Publishing LLC.d2019##a8 с.##aJournal article2local##aУправление предприятиями. Организация производства, торговли и транспорта. 65zRUS#1aMitropol'skaya-RodionovagNadezhda Vladimirovna4#azh-szf.ru